00768nai a2200193Ia 4500003000900000008004100009022002200050022002300072040001600095245004900111260008600160310001200246362002700258521006900285650005800354650003400412650003500446856009300481IN-BaIIA211028c9999 xx s 000 0 eng d a2168-2267 (Print) a2168-2275 (Online) cIIA Library 0aIEEE Transactions on Cyberneticsh[eJournal] aNew York, USAbThe Institute of Electrical and Electronics Engineers, Inc. (IEEE) aMonthly a43(1); 2013 - Present  bSubscribed through National Knowledge Resource Consortium (NKRC) a Communication, Networking and Broadcast Technologies a Robotics and Control Systems aSignal Processing and Analysis uhttps://ieeexplore.ieee.org/servlet/opac?punumber=6221036yClick Here to Access eJournal